000 01932njm a2200397Ia 4500
001 78463
003 IT-RoPAU
005 20220918181141.0
008 131025s9999 xx 000 0 und d
040 _aIT-RoPAU
040 _cIT-RoPAU
041 _aITALIANO
999 _c101281
_d101281
999 _bn.d.
100 _aBertoli Pierangelo
_925747
100 _eAutore musica
_925748
100 _gCodice autore musica SPICS: 10760
_925749
245 _aSedia elettrica
250 _a1a ed.
260 _aMILANO
260 _bCGD - MESSAGGERIE MUSICALI
_c1989 [1a Ed.:1989 - Ed. Lingua Orig.: 1989]
300 _aDISCO
300 _c51 minuti (Testo: 0 pag.)
500 _aMusica leggera. Canzone italiana
505 _aLa verità - Chissà perché - Figlio di un cane (5:00) - Mio figlio (5:00) - Suonando la chitarra (6:00) - Una strada (6:00) - Improvvisamente (6:00) - Voglio vivere (4:00) - Nuvole (6:00)
650 _aCANTAUTORI [DISCHI]
_eCodice MATERIA SPICS: 9950
_925750
700 _aBertoli Pierangelo
_eAutore testo e musica
_gCodice autore testo/musica SPICS: 10760
_925751
700 _aLigabue Luciano
_eAutore testo/musica
_gCodice autore testo/musica SPICS: 23941
_pFiglio di un cane
_925752
700 _aBrandolini G.
_eAutore musica
_gCodice autore musica SPICS: 18891
_pMio figlio - Voglio vivere
_925753
700 _aStasolla G.
_eAutore musica
_gCodice autore musica SPICS: 27033
_pSuonando la chitarra
_925754
700 _aDi Marco Giuseppina
_eAutore
_gCodice autore SPICS: 18274
_pSuonando la chitarra
_925755
700 _aUrzino Fabrizio
_eAutore musica
_gCodice autore musica SPICS: 24638
_pUna strada
_925756
700 _aBonaffini L.
_eAutore testo/musica
_gCodice autore testo/musica SPICS: 18895
_pImprovvisamente
_925757
700 _aNegri M.
_eAutore musica
_gCodice autore musica SPICS: 24501
_pNuvole
_925758
700 _aBertoli Pierangelo
_eInterprete
_gCodice interprete SPICS: 10760
_925759
942 _cMD
_2ddc